[Event "NOR-chT Club"]
[Site "Bergen"]
[Date "2023.05.21"]
[Round "6.10"]
[White "Hersvik, Daniel"]
[Black "Kvaloy, Aksel Bu"]
[Result "0-1"]
[WhiteElo "2154"]
[BlackElo "2321"]
[PlyCount "44"]
[EventDate "2023.05.18"]
[EventType "team-swiss"]
[EventRounds "6"]
[EventCountry "NOR"]
[SourceTitle "CBM 214 Extra"]
[Source "ChessBase"]
[SourceDate "2023.07.31"]
[SourceVersion "1"]
[SourceVersionDate "2023.07.31"]
[SourceQuality "1"]
[WhiteTeam "Sotra"]
[BlackTeam "Stavanger"]
[WhiteTeamCountry "NOR"]
[BlackTeamCountry "NOR"]

1. e4 e5 2. Nf3 Nc6 3. Bb5 a6 4. Ba4 Nf6 5. 0-0 Be7 6. Re1 b5 7. Bb3 0-0 8. c3 d5 9. exd5 Nxd5 10. Nxe5 Nxe5 11. Rxe5 c6 12. Qf3 Bd6 13. Re1 Re8 14. Rxe8+ Qxe8 15. Kf1 Qe5 16. d3 Qxh2 17. Bxd5 cxd5 18. Be3 h5 19. g4 Bxg4 20. Qxd5 Re8 21. Nd2 Rxe3 22. fxe3 Bg3 0-1

[Event "NOR-chT Club"]
[Site "Bergen"]
[Date "2018.05.12"]
[Round "4.4"]
[White "Gausel, Einar"]
[Black "Hersvik, Daniel"]
[Result "1-0"]
[WhiteElo "2453"]
[BlackElo "2215"]
[PlyCount "79"]
[EventDate "2018.05.10"]
[EventType "team-swiss"]
[EventRounds "6"]
[EventCountry "NOR"]
[SourceTitle "EXT 2019"]
[Source "ChessBase"]
[SourceDate "2018.10.10"]
[SourceVersion "1"]
[SourceVersionDate "2018.10.10"]
[SourceQuality "1"]
[WhiteTeam "OSS II"]
[BlackTeam "Haukas"]
[WhiteTeamCountry "NOR"]
[BlackTeamCountry "NOR"]

1. d4 d5 2. Bf4 Nf6 3. e3 c6 4. c4 a6 5. Nc3 e6 6. c5 Be7 7. Bd3 0-0 8. Nf3 Nbd7 9. h3 Re8 10. 0-0 Nh5 11. Bh2 g6 12. b4 Bf6 13. Ne5 Nxe5 14. dxe5 Be7 15. g4 Ng7 16. Be2 a5 17. a3 b6 18. Na4 axb4 19. axb4 bxc5 20. Nxc5 Rb8 21. Qd4 Qb6 22. Rfb1 Rd8 23. Bd3 Ne8 24. Bf4 Nc7 25. Bh6 Nb5 26. Bxb5 Qxb5 27. h4 Qe2 28. Bg5 Bxg5 29. hxg5 Bd7 30. Kg2 Be8 31. Rb2 Qc4 32. Ne4 Qxd4 33. Nf6+ Kg7 34. exd4 h6 35. gxh6+ Kxh6 36. Ra7 Kg7 37. g5 Ra8 38. Rba2 Rxa7 39. Rxa7 Rb8 40. Kf3 1-0

[Event "NOR-chT Club"]
[Site "Bergen"]
[Date "2018.05.10"]
[Round "6"]
[White "Hersvik, Daniel"]
[Black "Fossan, Aleksander"]
[Result "0-1"]
[WhiteElo "2215"]
[BlackElo "2132"]
[PlyCount "78"]
[EventDate "2018.05.10"]
[EventType "team-swiss"]
[EventRounds "6"]
[EventCountry "NOR"]
[SourceTitle "EXT 2019"]
[Source "ChessBase"]
[SourceDate "2018.10.10"]
[SourceVersion "1"]
[SourceVersionDate "2018.10.10"]
[SourceQuality "1"]
[WhiteTeam "Haukas"]
[BlackTeam "Stavanger Junior"]
[WhiteTeamCountry "NOR"]
[BlackTeamCountry "NOR"]

1. e4 c5 2. Nf3 g6 3. Nc3 Bg7 4. h4 Nf6 5. Bc4 Nc6 6. d3 d6 7. Bg5 Bg4 8. Ne2 Nd7 9. c3 Bxf3 10. gxf3 Nde5 11. Ng3 Nxc4 12. dxc4 Ne5 13. f4 h6 14. Bxe7 Qxe7 15. fxe5 Bxe5 16. Ne2 Bf6 17. Qd3 Bxh4 18. Nf4 Qf6 19. Nh3 0-0-0 20. 0-0-0 Rhe8 21. Kb1 Qe5 22. f3 g5 23. Ng1 f5 24. exf5 Rf8 25. f4 Qxf5 26. Nf3 Qxd3+ 27. Rxd3 Rxf4 28. Nxh4 gxh4 29. Rdh3 Rxc4 30. Rxh4 Rxh4 31. Rxh4 Rh8 32. Kc2 h5 33. Kd3 Kd7 34. Ke4 Ke6 35. c4 a6 36. a4 b6 37. b3 Rh7 38. Kf4 Rh8 39. Kg5 Rg8+ 0-1

[Event "NOR-chT 1617"]
[Site "Norway"]
[Date "2016.10.30"]
[Round "3.5"]
[White "Strand, Haakon"]
[Black "Hersvik, Daniel"]
[Result "0-1"]
[WhiteElo "2192"]
[BlackElo "2222"]
[PlyCount "88"]
[EventDate "2016.10.28"]
[EventType "team-tourn"]
[EventRounds "9"]
[EventCountry "NOR"]
[SourceTitle "EXT 2018"]
[Source "ChessBase"]
[SourceDate "2017.10.13"]
[SourceVersion "1"]
[SourceVersionDate "2017.10.13"]
[SourceQuality "1"]
[WhiteTeam "Stavanger"]
[BlackTeam "SK 96"]
[WhiteTeamCountry "NOR"]
[BlackTeamCountry "NOR"]

1. e4 c5 2. Nf3 d6 3. d4 cxd4 4. Nxd4 Nf6 5. Nc3 g6 6. Be3 Bg7 7. f3 0-0 8. Qd2 Nc6 9. 0-0-0 d5 10. exd5 Nxd5 11. Nxc6 bxc6 12. Bd4 e5 13. Bc5 Be6 14. Ne4 Re8 15. h4 h5 16. Bc4 Nf4 17. Qc3 Qc7 18. g3 Nd5 19. Qa3 a5 20. Ng5 Bf5 21. Kb1 e4 22. Bd6 Qb7 23. Qb3 Qxb3 24. axb3 exf3 25. Bxd5 cxd5 26. Nxf3 Re2 27. Rd2 Rxd2 28. Nxd2 Rc8 29. Rc1 Rc6 30. Bf4 a4 31. bxa4 Rb6 32. b3 Rc6 33. b4 Rc3 34. Ka2 d4 35. Nb1 Rc4 36. Kb3 Be6 37. Ka3 Bf8 38. Bd2 Bd6 39. Be1 d3 40. Bc3 dxc2 41. Rxc2 Bxb4+ 42. Kb2 Bf5 43. Kb3 Rg4 44. Bxb4 Bxc2+ 0-1

[Event "Bergen Sommer GP"]
[Site "Bergen"]
[Date "2013.08.04"]
[Round "5"]
[White "Hersvik, Daniel"]
[Black "Skoien, Havard"]
[Result "1-0"]
[WhiteElo "2089"]
[BlackElo "2005"]
[PlyCount "59"]
[EventDate "2013.08.02"]
[EventType "swiss"]
[EventRounds "5"]
[EventCountry "NOR"]
[SourceTitle "EXT 2024"]
[Source "ChessBase"]
[SourceDate "2023.10.10"]
[SourceVersion "1"]
[SourceVersionDate "2023.10.10"]
[SourceQuality "1"]

1. e4 e6 2. d4 d5 3. Nc3 Bb4 4. e5 c5 5. a3 Bxc3+ 6. bxc3 Ne7 7. Qg4 0-0 8. Bd3 Nbc6 9. Nf3 f5 10. Qg3 Qa5 11. Bd2 Qa4 12. dxc5 Qg4 13. Be3 Bd7 14. Rb1 Na5 15. Rb4 Qxg3 16. hxg3 h6 17. g4 Nec6 18. gxf5 Nxb4 19. cxb4 Nc4 20. Bxc4 dxc4 21. f6 gxf6 22. Rxh6 Kg7 23. exf6+ Rxf6 24. Rh4 e5 25. Nxe5 Bf5 26. Nxc4 Re6 27. Kd2 Rd8+ 28. Kc3 Re4 29. Nd6 Rxd6 30. Rxe4 1-0

[Event "NOR-chT West Nord 0910"]
[Site "Norway"]
[Date "2010.01.10"]
[Round "3"]
[White "Hersvik, Daniel"]
[Black "Skage, Oystein Aagedal"]
[Result "1-0"]
[WhiteElo "2075"]
[BlackElo "1826"]
[PlyCount "87"]
[EventDate "2009.11.08"]
[EventType "team-tourn"]
[EventRounds "5"]
[EventCountry "NOR"]
[SourceTitle "EXT 2012"]
[Source "ChessBase"]
[SourceDate "2011.11.24"]
[SourceVersion "1"]
[SourceVersionDate "2011.11.24"]
[SourceQuality "1"]

1. e4 c5 2. Nf3 Nc6 3. d4 cxd4 4. Nxd4 Nf6 5. Nc3 e5 6. Ndb5 d6 7. Bg5 a6 8. Na3 b5 9. Nd5 Be7 10. Bxf6 Bxf6 11. c3 0-0 12. Nc2 Bg5 13. Bd3 Ne7 14. Nce3 Bb7 15. a4 Bc6 16. axb5 axb5 17. Rxa8 Bxa8 18. Qb3 Bxe3 19. Nxe3 Bc6 20. Ke2 Qa8 21. Rd1 d5 22. exd5 Bd7 23. g3 Rb8 24. Qb4 Ng6 25. Bxg6 hxg6 26. Qd6 Rd8 27. Qxe5 Qa2 28. Qc7 Qa8 29. Ra1 Bg4+ 30. f3 Qxa1 31. Qxd8+ Kh7 32. fxg4 Qxb2+ 33. Kd3 Qb1+ 34. Kd4 Qb2 35. Qb6 Qd2+ 36. Ke4 Qe2 37. d6 f5+ 38. Ke5 Qd3 39. Qd4 Qe2 40. d7 b4 41. d8Q Qb5+ 42. Kf4 g5+ 43. Kxg5 fxg4+ 44. Nf5 1-0

[Event "NOR-chB"]
[Site "Moss"]
[Date "2006.07.12"]
[Round "6"]
[White "Hersvik, Daniel"]
[Black "Bentsen, Hakon"]
[Result "0-1"]
[WhiteElo "2142"]
[BlackElo "2022"]
[PlyCount "42"]
[EventDate "2006.07.08"]
[EventType "swiss"]
[EventRounds "9"]
[EventCountry "NOR"]
[SourceTitle "EXT 2007"]
[Source "ChessBase"]
[SourceDate "2006.11.23"]
[SourceVersion "1"]
[SourceVersionDate "2006.11.23"]
[SourceQuality "1"]

1. e4 e5 2. Nf3 Nc6 3. Bb5 a6 4. Ba4 Nf6 5. 0-0 Nxe4 6. d4 b5 7. Bb3 d5 8. dxe5 Be6 9. Be3 Be7 10. Nbd2 Nc5 11. c3 0-0 12. Bc2 Nd7 13. Bd4 f6 14. Qe2 fxe5 15. Nxe5 Ndxe5 16. Bxe5 Nxe5 17. Qxe5 Rf6 18. f4 Bd6 19. Qe3 Qf8 20. Kh1 Re8 21. g3 Bf5 0-1

[Event "Bergen op"]
[Site "Bergen"]
[Date "2005.03.06"]
[Round "5"]
[White "Larsen, Tor Kristian"]
[Black "Hersvik, Daniel"]
[Result "0-1"]
[WhiteElo "1996"]
[BlackElo "2145"]
[PlyCount "60"]
[EventDate "2005.01.15"]
[EventType "swiss"]
[EventRounds "5"]
[EventCountry "NOR"]
[SourceTitle "EXT 2008"]
[Source "ChessBase"]
[SourceDate "2007.11.25"]
[SourceVersion "1"]
[SourceVersionDate "2007.11.25"]
[SourceQuality "1"]

1. Nf3 Nf6 2. c4 e6 3. Nc3 d5 4. d4 Be7 5. Bg5 c6 6. e3 Nbd7 7. Qc2 0-0 8. Rd1 Re8 9. a3 a6 10. h3 b5 11. c5 Nh5 12. Bf4 Nxf4 13. exf4 Qc7 14. g3 f6 15. Bd3 Nf8 16. Ne2 g6 17. h4 Kg7 18. h5 e5 19. fxe5 Bg4 20. Nh4 fxe5 21. dxe5 Qxe5 22. hxg6 hxg6 23. Nxg6 Nxg6 24. Bxg6 Rh8 25. Rxh8 Rxh8 26. Bd3 Bg5 27. f4 Qe3 28. Be4 dxe4 29. Qc3+ Qxc3+ 30. bxc3 e3 0-1

[Event "BCF-chT3 0304 (4NCL)"]
[Site "West Bromwich"]
[Date "2004.05.31"]
[Round "9.4"]
[White "Hersvik, Daniel"]
[Black "Graham, Nick"]
[Result "1/2-1/2"]
[WhiteElo "2269"]
[BlackElo "1840"]
[PlyCount "119"]
[EventDate "2003.11.23"]
[EventType "team"]
[EventRounds "11"]
[EventCountry "ENG"]
[SourceTitle "EXT 2005"]
[Source "ChessBase"]
[SourceDate "2004.11.15"]
[SourceVersion "1"]
[SourceVersionDate "2004.11.15"]
[SourceQuality "1"]
[WhiteTeam "Slough II"]
[BlackTeam "The ADS II"]
[WhiteTeamCountry "ENG"]
[BlackTeamCountry "ENG"]

1. e4 e5 2. Nf3 Nc6 3. Bb5 a6 4. Ba4 Nf6 5. 0-0 b5 6. Bb3 Be7 7. Re1 0-0 8. c3 d6 9. h3 Be6 10. d4 Bxb3 11. Qxb3 Na5 12. Qc2 exd4 13. cxd4 d5 14. e5 Ne4 15. Nbd2 f5 16. Nb3 Nc4 17. Nc5 Bxc5 18. dxc5 c6 19. b3 Na5 20. Nd4 Qh4 21. Be3 f4 22. Nf3 Qe7 23. Bd4 Nb7 24. Rac1 Nd8 25. Nd2 Ng5 26. f3 Nde6 27. Bf2 a5 28. Kh2 Nf7 29. Nb1 Nh6 30. Nc3 Nf5 31. Qd2 g5 32. a4 b4 33. Ne2 Qg7 34. Nd4 Nfxd4 35. Bxd4 h5 36. Bf2 Ra7 37. Qd3 Qh7 38. Qe2 Qf5 39. Red1 Rff7 40. Kg1 Rfe7 41. Qd3 Qxd3 42. Rxd3 Ng7 43. Re1 h4 44. e6 Rxe6 45. Kf1 Rae7 46. Rdd1 Nf5 47. Rxe6 Rxe6 48. Rc1 Kf7 49. Re1 Rxe1+ 50. Kxe1 d4 51. Kd2 Ke6 52. Kd3 Kd5 53. Be1 Ne3 54. Bd2 Nxg2 55. Bc1 Ne3 56. Bb2 Nf5 57. Ba1 Kxc5 58. Ke4 Ng3+ 59. Kd3 Nf5 60. Ke4 1/2-1/2

[Event "BCF-chT3 0304 (4NCL)"]
[Site "West Bromwich"]
[Date "2004.05.30"]
[Round "8.6"]
[White "Gregory, Keith D"]
[Black "Hersvik, Daniel"]
[Result "1/2-1/2"]
[WhiteElo "2096"]
[BlackElo "2269"]
[PlyCount "66"]
[EventDate "2003.11.23"]
[EventType "team"]
[EventRounds "11"]
[EventCountry "ENG"]
[SourceTitle "EXT 2005"]
[Source "ChessBase"]
[SourceDate "2004.11.15"]
[SourceVersion "1"]
[SourceVersionDate "2004.11.15"]
[SourceQuality "1"]
[WhiteTeam "Wessex II"]
[BlackTeam "Slough II"]
[WhiteTeamCountry "ENG"]
[BlackTeamCountry "ENG"]

1. Nf3 c5 2. c4 Nc6 3. b3 e5 4. Nc3 f5 5. d3 Nf6 6. e4 f4 7. g3 fxg3 8. hxg3 d6 9. Be2 Be7 10. Nd5 Bg4 11. Be3 0-0 12. Kf1 Nxd5 13. cxd5 Nb8 14. Nd2 Bxe2+ 15. Qxe2 Nd7 16. Kg2 Qe8 17. Qh5 Qxh5 18. Rxh5 b5 19. Rhh1 Rfb8 20. Rhb1 Bd8 21. a4 a6 22. Ra2 Ba5 23. axb5 Bxd2 24. Bxd2 axb5 25. Rba1 Nb6 26. Ba5 Kf7 27. Bxb6 Rxa2 28. Rxa2 Rxb6 29. Ra7+ Kf6 30. Ra8 Rb7 31. Rf8+ Ke7 32. Rg8 Kf7 33. Rd8 Ke7 1/2-1/2

[Event "NOR-chTA final"]
[Site "Trondheim"]
[Date "2004.05.23"]
[Round "5.5"]
[White "Hersvik, Daniel"]
[Black "David, Edwin"]
[Result "1-0"]
[WhiteElo "2269"]
[BlackElo "2154"]
[PlyCount "43"]
[EventDate "2004.05.19"]
[EventType "team"]
[EventRounds "5"]
[EventCountry "NOR"]
[SourceTitle "CBM 100 Extra"]
[Source "ChessBase"]
[SourceDate "2004.07.06"]
[SourceVersion "2"]
[SourceVersionDate "2004.07.06"]
[SourceQuality "1"]
[WhiteTeam "02"]
[BlackTeam "07"]
[WhiteTeamCountry "NOR"]
[BlackTeamCountry "NOR"]

1. e4 e6 2. d4 d5 3. Nc3 Bb4 4. e5 c5 5. a3 Bxc3+ 6. bxc3 Ne7 7. Qg4 0-0 8. Bd3 f5 9. exf6 Rxf6 10. Bg5 Rf7 11. Nf3 c4 12. Bxh7+ Kxh7 13. Ne5 Kg8 14. Qh5 Qe8 15. Bxe7 Rxe7 16. Ng6 Nc6 17. f4 e5 18. fxe5 Re6 19. Qh8+ Kf7 20. 0-0+ Kxg6 21. Rf8 Qe7 22. Rf5 1-0

[Event "NOR-chTA final"]
[Site "Trondheim"]
[Date "2004.05.22"]
[Round "4.4"]
[White "Hersvik, Daniel"]
[Black "Gundersen, Helge Folmer"]
[Result "1/2-1/2"]
[WhiteElo "2269"]
[BlackElo "2245"]
[PlyCount "120"]
[EventDate "2004.05.19"]
[EventType "team"]
[EventRounds "5"]
[EventCountry "NOR"]
[SourceTitle "CBM 100 Extra"]
[Source "ChessBase"]
[SourceDate "2004.07.06"]
[SourceVersion "2"]
[SourceVersionDate "2004.07.06"]
[SourceQuality "1"]
[WhiteTeam "02"]
[BlackTeam "08"]
[WhiteTeamCountry "NOR"]
[BlackTeamCountry "NOR"]

1. e4 e6 2. d4 d5 3. Nc3 Bb4 4. e5 Qd7 5. a3 Bxc3+ 6. bxc3 b6 7. a4 Ba6 8. Bxa6 Nxa6 9. Qd3 Nb8 10. a5 Nc6 11. a6 0-0-0 12. f4 Na5 13. Nf3 Nc4 14. 0-0 Ne7 15. Nd2 Qc6 16. Qf3 h5 17. Nxc4 Qxc4 18. Ba3 Nf5 19. Rfb1 Rdg8 20. Bc1 f6 21. Bd2 c5 22. Qf2 cxd4 23. Rb4 Qc6 24. cxd4 Kb8 25. Rc1 Rc8 26. Qe2 fxe5 27. Qxe5+ Qd6 28. c4 Qxe5 29. dxe5 dxc4 30. Rbxc4 Rxc4 31. Rxc4 Rc8 32. Re4 Rc2 33. Bb4 Nh4 34. Rd4 Rxg2+ 35. Kf1 Ra2 36. Rd6 Rxa6 37. Rxe6 Ra4 38. Bd6+ Kb7 39. Re7+ Kc6 40. Rf7 Kd5 41. Kf2 g6 42. Bb8 Ra2+ 43. Ke3 Nf5+ 44. Kd3 Ra3+ 45. Kd2 Rf3 46. Rd7+ Ke6 47. Rxa7 Rxf4 48. Rb7 Rb4 49. Bc7 Ne7 50. Rxb6+ Rxb6 51. Bxb6 Kxe5 52. Ke2 Nd5 53. Bd8 Kf4 54. Kf2 Kg4 55. Kg2 Nf4+ 56. Kg1 Kf3 57. Be7 g5 58. Kf1 g4 59. Bd6 Ng6 60. Bc7 h4 1/2-1/2

[Event "Internet Section 06A g/8'+2\""]
[Site "Dos Hermanas"]
[Date "2004.03.06"]
[Round "6"]
[White "Hersvik, Daniel"]
[Black "Grabowski, Eric"]
[Result "1-0"]
[WhiteElo "2269"]
[BlackElo "2070"]
[PlyCount "75"]
[EventDate "2004.03.06"]
[EventType "swiss (blitz)"]
[EventRounds "9"]
[EventCountry "ESP"]
[SourceTitle "CBM 099 Extra"]
[Source "ChessBase"]
[SourceDate "2004.05.04"]
[SourceVersion "1"]
[SourceVersionDate "2004.05.04"]
[SourceQuality "1"]

1. e4 e5 2. Nf3 d5 3. Nxe5 Bd6 4. d4 dxe4 5. Nc4 Nf6 6. Nc3 0-0 7. Nxd6 Qxd6 8. Be3 Bg4 9. Be2 Bxe2 10. Qxe2 Nc6 11. 0-0-0 a6 12. g4 Rfe8 13. h4 b5 14. h5 b4 15. Nb1 Nd5 16. g5 g6 17. hxg6 fxg6 18. Qg4 a5 19. Nd2 Nxe3 20. fxe3 Qd5 21. Rh6 Re7 22. Rdh1 Rf8 23. R6h4 Qxa2 24. Nxe4 Qa1+ 25. Kd2 Qxb2 26. Nf6+ Rxf6 27. gxf6 Qc3+ 28. Kd1 Qa1+ 29. Ke2 Rxe3+ 30. Kxe3 Qc3+ 31. Kf2 Qxc2+ 32. Qe2 Qf5+ 33. Qf3 Qc2+ 34. Kg3 Nxd4 35. Qd5+ Kf8 36. Qd8+ Kf7 37. Qe7+ Kg8 38. Qe8# 1-0

[Event "NOR-chT north 0304"]
[Site "Norway"]
[Date "2004.02.22"]
[Round "2.3"]
[White "Madsen, Morten L"]
[Black "Hersvik, Daniel"]
[Result "0-1"]
[WhiteElo "1587"]
[BlackElo "2213"]
[PlyCount "82"]
[EventDate "2004.01.??"]
[EventType "team"]
[EventRounds "5"]
[EventCountry "NOR"]
[SourceTitle "EXT 2006"]
[Source "ChessBase"]
[SourceDate "2005.11.24"]
[SourceVersion "1"]
[SourceVersionDate "2005.11.24"]
[SourceQuality "1"]

1. e4 c5 2. d4 cxd4 3. c3 dxc3 4. Nxc3 Nc6 5. Nf3 e6 6. Bc4 Bb4 7. 0-0 Nge7 8. Bg5 Bxc3 9. bxc3 d5 10. exd5 exd5 11. Bb3 f6 12. Bf4 Be6 13. Re1 Bf7 14. Nd4 Nxd4 15. Qxd4 0-0 16. Qb4 Ng6 17. Bg3 b6 18. Rad1 Rc8 19. Rd3 Re8 20. Red1 Qe7 21. f3 Ne5 22. Re3 Qxb4 23. cxb4 Nc4 24. Rxe8+ Rxe8 25. Kf2 g5 26. Re1 Rxe1 27. Kxe1 Ne3 28. b5 Nxg2+ 29. Kf2 Nf4 30. Ke3 d4+ 31. Kxd4 Ne2+ 32. Ke4 Nxg3+ 33. hxg3 Bxb3 34. axb3 h5 35. Kf5 Kf7 36. b4 Ke7 37. f4 h4 38. gxh4 gxh4 39. Kg4 Ke6 40. Kxh4 Kd5 41. Kg4 Ke4 0-1

[Event "NOR-chT north 0304"]
[Site "Norway"]
[Date "2004.01.17"]
[Round "1.3"]
[White "Tufta, Jon Gunnar"]
[Black "Hersvik, Daniel"]
[Result "0-1"]
[WhiteElo "1653"]
[BlackElo "2213"]
[PlyCount "68"]
[EventDate "2004.01.??"]
[EventType "team"]
[EventRounds "5"]
[EventCountry "NOR"]
[SourceTitle "EXT 2006"]
[Source "ChessBase"]
[SourceDate "2005.11.24"]
[SourceVersion "1"]
[SourceVersionDate "2005.11.24"]
[SourceQuality "1"]

1. e4 e6 2. Nf3 d5 3. e5 Ne7 4. b4 a5 5. b5 Nd7 6. d4 Nb6 7. a4 Nf5 8. Nbd2 h5 9. Nb3 Be7 10. Ba3 Bxa3 11. Rxa3 Qe7 12. Qa1 g5 13. h3 Rg8 14. Nc5 g4 15. Nd2 g3 16. f3 Qh4 17. c3 Qf4 18. Qd1 Ne3 19. Nd3 Qh6 20. Qb1 Bd7 21. f4 Nec4 22. Ra2 c6 23. bxc6 Bxc6 24. Nxc4 dxc4 25. Qxb6 cxd3 26. Bxd3 Qxf4 27. Qb2 Qe3+ 28. Qe2 Qc1+ 29. Qd1 Qxc3+ 30. Rd2 Qxd4 31. Rf1 Qxe5+ 32. Be2 Bxg2 33. Rg1 Bf3 34. Qc2 Qe3 0-1

[Event "NOR-ch"]
[Site "Fredrikstad"]
[Date "2003.07.08"]
[Round "5"]
[White "Hersvik, Daniel"]
[Black "Bae, Torstein"]
[Result "0-1"]
[WhiteElo "2317"]
[BlackElo "2366"]
[PlyCount "42"]
[EventDate "2003.07.04"]
[EventType "tourn"]
[EventRounds "9"]
[EventCountry "NOR"]
[SourceTitle "CBM 095 Extra"]
[Source "ChessBase"]
[SourceDate "2003.09.04"]
[SourceVersion "1"]
[SourceVersionDate "2003.09.04"]
[SourceQuality "1"]

1. e4 c6 2. d4 d5 3. e5 Bf5 4. Nf3 e6 5. Be2 Nd7 6. 0-0 Ne7 7. b4 Ng6 8. Bd2 h5 9. a4 f6 10. exf6 Qxf6 11. c4 Bd6 12. Bg5 Qf7 13. c5 Bf4 14. Bxf4 Nxf4 15. Qd2 Bg4 16. Bd1 0-0 17. Ra3 Qf6 18. h3 Bxh3 19. Ne1 Bg4 20. Bxg4 hxg4 21. Rg3 Qxd4 0-1

[Event "NOR-ch"]
[Site "Fredrikstad"]
[Date "2003.07.07"]
[Round "4"]
[White "Moen, Andreas"]
[Black "Hersvik, Daniel"]
[Result "1-0"]
[WhiteElo "2251"]
[BlackElo "2317"]
[PlyCount "31"]
[EventDate "2003.07.04"]
[EventType "tourn"]
[EventRounds "9"]
[EventCountry "NOR"]
[SourceTitle "CBM 095 Extra"]
[Source "ChessBase"]
[SourceDate "2003.09.04"]
[SourceVersion "1"]
[SourceVersionDate "2003.09.04"]
[SourceQuality "1"]

1. d4 d5 2. Nf3 Nf6 3. c4 c6 4. Nc3 dxc4 5. a4 Bf5 6. Ne5 e6 7. f3 Bb4 8. Nxc4 Nd5 9. Qd2 c5 10. e4 Bxe4 11. fxe4 cxd4 12. exd5 Qf6 13. Qg5 dxc3 14. Qxf6 gxf6 15. Kd1 exd5 16. bxc3 1-0

[Event "NOR-chT"]
[Site "Asker"]
[Date "2003.05.29"]
[Round "2"]
[White "Hagesaether, Paal Vegard"]
[Black "Hersvik, Daniel"]
[Result "1-0"]
[WhiteElo "2279"]
[BlackElo "2304"]
[PlyCount "111"]
[EventDate "2003.05.28"]
[EventType "team"]
[EventRounds "5"]
[EventCountry "NOR"]
[SourceTitle "CBM 094 Extra"]
[Source "ChessBase"]
[SourceDate "2003.07.09"]
[SourceVersion "2"]
[SourceVersionDate "2003.07.09"]
[SourceQuality "1"]

1. c4 c5 2. g3 Nc6 3. Bg2 g6 4. Nc3 Bg7 5. Nf3 e5 6. 0-0 Nge7 7. d3 d6 8. a3 0-0 9. Rb1 a5 10. Ne1 Be6 11. Nd5 Rb8 12. Bd2 b6 13. Nc2 Bxd5 14. cxd5 Nd4 15. b4 axb4 16. axb4 Qd7 17. Na3 Ra8 18. Nc4 Nc8 19. e3 Nb5 20. Qb3 Nc7 21. Bc3 b5 22. Na5 Nb6 23. Rfc1 Na4 24. Bd2 Rfb8 25. Nc6 Rb6 26. f4 exf4 27. exf4 Re8 28. Re1 Bf6 29. Rxe8+ Nxe8 30. Be3 Rb7 31. Rc1 cxb4 32. Qxb4 Ng7 33. Bd4 Bxd4+ 34. Qxd4 Nc5 35. Ra1 b4 36. Ra8+ Ne8 37. Rd8 b3 38. Rxd7 Nxd7 39. Qb2 Nc5 40. Na5 Rb5 41. d4 Na4 42. Qe2 Rxa5 43. Qxe8+ Kg7 44. f5 gxf5 45. Bh3 Nc3 46. Bxf5 b2 47. Qc6 Nxd5 48. Qxd6 Ne3 49. Be4 Ra1+ 50. Kf2 Ng4+ 51. Kg2 b1Q 52. Bxb1 Rxb1 53. h3 Ne3+ 54. Kf3 Nf5 55. Qe5+ f6 56. Qxf5 1-0

[Event "NOR-ch op 34th"]
[Site "Oslo"]
[Date "2003.04.19"]
[Round "8"]
[White "Hersvik, Daniel"]
[Black "Senff, Martin"]
[Result "1-0"]
[WhiteElo "2304"]
[BlackElo "2454"]
[PlyCount "87"]
[EventDate "2003.04.12"]
[EventType "swiss"]
[EventRounds "9"]
[EventCountry "NOR"]
[SourceTitle "EXT 2004"]
[Source "ChessBase"]
[SourceDate "2003.11.25"]
[SourceVersion "1"]
[SourceVersionDate "2003.11.25"]
[SourceQuality "1"]

1. e4 e6 2. d4 d5 3. Nd2 Be7 4. c3 dxe4 5. Nxe4 Nf6 6. Nxf6+ Bxf6 7. Nf3 0-0 8. Bd3 c5 9. dxc5 Nd7 10. Be3 Qc7 11. h4 g6 12. Ng5 Nxc5 13. Bc2 h5 14. Qf3 Nd7 15. 0-0-0 Bg7 16. Qe2 b5 17. Qxb5 Rb8 18. Qa4 Nb6 19. Qa5 Qb7 20. Be4 Nd5 21. Rd2 Bd7 22. Bxd5 exd5 23. Qxd5 Bc6 24. Qd3 Bxg2 25. Rhd1 Bf6 26. Bd4 Rfd8 27. Qc2 Bxg5 28. hxg5 Be4 29. Qb3 Qxb3 30. axb3 h4 31. f3 Bxf3 32. Rf1 Bg4 33. Rf4 Bh5 34. Rxh4 Rxb3 35. Re4 Rb7 36. Bf6 Rc8 37. Re5 Bf3 38. Kc2 Bg4 39. Rd4 Bf3 40. b4 Kf8 41. Kb3 Rbb8 42. Re3 Bh5 43. Re7 Bf3 44. Rxa7 1-0

[Event "NOR-ch op 34th"]
[Site "Oslo"]
[Date "2003.04.12"]
[Round "1"]
[White "Hersvik, Daniel"]
[Black "Johansen, Arild"]
[Result "1-0"]
[WhiteElo "2304"]
[BlackElo "2097"]
[PlyCount "87"]
[EventDate "2003.04.12"]
[EventType "swiss"]
[EventRounds "9"]
[EventCountry "NOR"]
[SourceTitle "EXT 2004"]
[Source "ChessBase"]
[SourceDate "2003.11.25"]
[SourceVersion "1"]
[SourceVersionDate "2003.11.25"]
[SourceQuality "1"]

1. e4 c5 2. Nf3 d6 3. d4 cxd4 4. Nxd4 Nf6 5. Nc3 Nc6 6. Be2 e5 7. Nb3 Be7 8. Be3 Be6 9. Bf3 0-0 10. g4 Rc8 11. g5 Ne8 12. h4 f5 13. gxf6 Nxf6 14. Qd2 a5 15. a4 Nb4 16. 0-0-0 Bxb3 17. cxb3 d5 18. exd5 Nd7 19. Be2 Nc5 20. Bc4 Bd6 21. Kb1 Qf6 22. Rc1 Qf5+ 23. Ka1 Nbd3 24. Rcg1 Nb4 25. Rg5 Nc2+ 26. Kb1 Na3+ 27. Ka2 Nxc4 28. bxc4 Qd3 29. Qxd3 Nxd3 30. Rhg1 Rf7 31. b3 Nxf2 32. R1g2 Nh3 33. Ne4 Nxg5 34. Nxd6 Rd8 35. Nxf7 Nxf7 36. Bb6 Rd6 37. Bxa5 b6 38. Bc3 Rh6 39. Rg4 Rf6 40. Re4 Rf4 41. Rxf4 exf4 42. b4 f3 43. Bd4 Ne5 44. a5 1-0

[Event "Gausdal Classics IM"]
[Site "Gausdal"]
[Date "2003.04.08"]
[Round "7"]
[White "Hersvik, Daniel"]
[Black "Rodgaard, John"]
[Result "1-0"]
[WhiteElo "2304"]
[BlackElo "2349"]
[PlyCount "87"]
[EventDate "2003.04.03"]
[EventType "tourn"]
[EventRounds "11"]
[EventCountry "NOR"]
[EventCategory "2"]
[SourceTitle "CBM 093 Extra"]
[Source "ChessBase"]
[SourceDate "2003.05.09"]
[SourceVersion "1"]
[SourceVersionDate "2003.05.09"]
[SourceQuality "1"]

1. e4 e6 2. d4 d5 3. Nd2 Nf6 4. e5 Nfd7 5. Bd3 c5 6. c3 Nc6 7. Ne2 cxd4 8. cxd4 f6 9. Nf4 Nxd4 10. Qh5+ Ke7 11. Ng6+ hxg6 12. exf6+ Nxf6 13. Qxh8 Kf7 14. 0-0 e5 15. Nf3 Nxf3+ 16. gxf3 Bf5 17. Bxf5 gxf5 18. Bg5 Bc5 19. Qxd8 Rxd8 20. Rfe1 Re8 21. Rac1 Bb6 22. b4 d4 23. a4 Nd5 24. a5 Bc7 25. Rc5 Ke6 26. Bf4 Kd6 27. Bd2 b6 28. Rc4 Re6 29. f4 exf4 30. Rxd4 Rxe1+ 31. Bxe1 b5 32. Kg2 Ke5 33. Rd2 Bd6 34. Re2+ Kd4 35. Re6 Bxb4 36. Bxb4 Nxb4 37. Rg6 Nd3 38. Rxg7 b4 39. Rxa7 Nc5 40. Ra8 b3 41. Rb8 Kc3 42. h4 b2 43. Rxb2 Kxb2 44. h5 1-0